| 000 | 01103nam0a22002411 4500 | ||
|---|---|---|---|
| 001 | rc\930457 | ||
| 005 | 20260407045053.0 | ||
| 035 | _a(NLR Aleph) 006103731 | ||
| 090 |
_a5286084 _c5286084 |
||
| 100 | _a20041129d1982 |||y0rusy50 ca | ||
| 101 | 0 | _arus | |
| 102 | _aRU | ||
| 105 | _aa ||||||||| | ||
| 200 | 1 |
_aСовершенствование технологии производства древесных плит _eСб. тр. _fМ-во лесн. целлюлоз.-бум. и деревообраб. пром-сти СССР, ВНПО "Союзнаучплитпром", ВНИИ деревообраб. пром-сти (ВНИИдрев) |
|
| 210 |
_aБалабаново _cВНИИдрев _d1982 |
||
| 215 |
_a100, 9 с. _cил. _d20 |
||
| 320 | _aБиблиогр. в конце статей | ||
| 712 | 0 | 2 |
_aВНИИ деревообрабатывающей промышленности _cпос. Балабаново, Калужская обл. _3RU\NLR\AUTH\8810017883 _9533618 |
| 801 | 0 |
_aRU _bNLR _gpsbo |
|
| 801 | 1 |
_aRU _bELAR _2rusmarc |
|
| 852 |
_aNLR _j83-3/10670 |
||
| 942 | _cBOOK | ||
| 980 | _aNB | ||